| 000 | 00440nam a2200157Ia 4500 | ||
|---|---|---|---|
| 008 | 210210b2006 xxu||||| |||| 00| 0 eng d | ||
| 020 | _a81 7835 501 9 | ||
| 082 | _a362.83 SREE | ||
| 100 | _aSREERAMULU (G). | ||
| 245 | _aEmpowerment of women through self help groups. | ||
| 260 |
_aDelhi _bKalpaz publications _c2006 |
||
| 300 | _a322 | ||
| 650 | _aEmpowerment Women Woman Self Help Group | ||
| 690 | _aWomen Studies | ||
| 906 | _a061494 | ||
| 999 |
_c108609 _d108609 |
||